000 01021nam a2200277Ia 4500
005 20220317000551.0
008 160601s2005 ck a g 000 0 spa
020 _a9586650758
082 0 4 _a613.9071
_bC17e
100 1 _aCardinal de Martín, Cecilia
_d1924-
245 1 0 _aEducación sexual
_bun proyecto humano de múltiples facetas
_cCecilia Cardinal de Martín
250 _a1a. edición
300 _a236 páginas
_c22 cm
490 _aBiblioteca universitaria
_pCiencias sociales y humanidades
504 _aIncluye bibliografía
650 1 4 _2LEMB
_aEducación sexual
_xHistoria
_zColombia
650 1 4 _2LEMB
_aEducación sexual para niños
650 1 4 _2LEMB
_aEducación sexual para jóvenes
650 1 4 _2LEMB
_aRelaciones de pareja
_xAspectos psicológicos
942 _2ddc
_cLIBELEC
264 _aBogotá
_bSiglo del Hombre
_c2005
336 _atexto
_btxt
_2rdacontent
337 _asin mediación
_bn
_2rdamedia
338 _avolumen
_bnc
_2rdacarrier
040 _aCO-BoRNBP
_bspa
_erda
_cCO-BoRNBP
999 _c4416
_d4416